000
00252 a2200097 4500
001
55253
100
_a
245
_a
Glimpses into the corridors of Power
260
_a
KArachi
_b
Oxford University Press n :25317
_c
2007
090
_c
34215
_d
34215
942
_a
NUST-CAE
_c
MONOGRAPH
_c
26909
999
_c
290326
_d
290326